000 00663nam a22001697a 4500
008 240603b |||||||| |||| 00| 0 eng d
020 _a0865318328.
050 _aHB1955.R87 1984
100 _aGoldscheider Calvin
_952823
245 _aRural migration in developing nations,
_bcomparative studies of Korea, Sri Lanka and Mali.
_cCalvin Goldscheider.
260 _aLondon:
_bWestview Press,
_c1984.
300 _axxvii;
_b313p,
_c22cm.
650 _aRural;
_vurban migration,
_xdeveloping countries,
_952825
650 _aurban -rural migration;
_vdeveloping countries.
_952826
650 _adeveloping countries;
_vrural conditions.
_952827
942 _2lcc
_cMONOGRAPH
999 _c131931
_d131931